| 000 | 01073cam a2200301 i 4500 | ||
|---|---|---|---|
| 001 | 2720152 | ||
| 003 | EG-ScBUE | ||
| 005 | 20250629094012.0 | ||
| 008 | 770401s1979 enka f b 001 0 eng | ||
| 020 | _a0198520034 | ||
| 040 |
_aEG-ScBUE _beng _erda _cEG-ScBUE _dEG-ScBUE |
||
| 082 | 0 | 4 |
_a537.244 _222 _bLIN |
| 100 | 1 |
_aLines, Malcolm E., _eauthor. _98455 |
|
| 245 | 1 | 0 |
_aPrinciples and applications of ferroelectrics and related materials / _cby M. E. Lines and A. M. Glass. |
| 264 | 1 |
_aOxford : _bClarendon Press, _c1979. |
|
| 300 |
_axiii, 680 pages : _billustrations ; _c25 cm. |
||
| 336 |
_2rdacontent _atext _btxt |
||
| 337 |
_aunmediated _2rdamedia _bn |
||
| 338 |
_avolume _bnc _2rdacarrier |
||
| 490 | 0 | _aThe international series of monographs on physics | |
| 500 | _aIncludes Appendices. | ||
| 504 | _aIncludes bibliographical references and index. | ||
| 650 | 7 |
_aFerroelectricity. _98456 _2BUEsh |
|
| 650 | 7 |
_aFerroelectric crystals. _98457 _2BUEsh |
|
| 655 | _vReading book | ||
| 700 | 1 |
_aGlass, A. M. _q(Alastair M.), _eauthor. _98458 |
|
| 942 |
_2ddc _cBB |
||
| 999 |
_c12589 _d12589 |
||